000 00619nam a22002177a 4500
003 UA-OsUOA
001 83703
007 ta
008 20120424b un ||||| |||| 00| 0 ukr d
100 _aБобиль В.
090 _a330(477)
_bБ72
942 _cSA
040 _aUA-OsUOA
_bukr
_cUA-OsUOA
_dUA-OsUOA
245 _aОсобливості операційного ризику: класифікація, кількісна оцінка, управління
300 _aС.351
955 _a0
041 _aukr
080 _a330(477)
773 0 _w83699
650 7 _a330 Економіка взагалі
_2UDC
999 _c370014
_d370014